000 01026nam a2200277 c 4500
999 _c150
_d150
003 AR-BaISA
005 20221205160605.0
007 ta
008 131111s2016 sp a | |||| 001 0 spa d
020 _a9788498357080
040 _cAR-BaISA
082 _222
_a611 G418
100 1 0 _aGilroy, Anne M.
_9354
245 1 0 _aPrometheus:
_batlas de anatomía /
_cAnne M. Gilroy, Brian R. MacPherson y Lawrence M. Ross
250 _a2ª ed.
260 _aMadrid:
_bEditorial Médica Panamericana,
_c2016
300 _aXV, 694 p.:
_bil., graf.;
_c28 cm
336 _aImagen (fija ; bidimensional ; visual)
_aTexto (visual)
_2isbdcontent
337 _asin mediación
_2isbdmedia
504 _aÍndice analítico p: 652-694
505 _tEspalda --
_tTórax --
_tAbdomen --
_tPelvis y periné --
_tMiembro superior --
_tMiembro inferior --
_tCabeza y cuello --
_tNeuroanatomía
650 1 4 _aAnatomía humana
_vatlas
_947
700 1 _aMacPherson, Brian R.
_9355
_eaut.
700 1 _aRoss, Lawrence M.
_9356
_eaut.
942 _2ddc
_cLI